Slottet /

Main Author: Kafka, Franz, 1883-1924
Other Authors: Aurell, Tage, 1895-1976
Language: Swedish
Published: Stockholm : Wahlström & Widstrand, 1965
Series: W & W serien
Physical Description: 231 stran
Book
Saved in:
LEADER 01120nam a22003372i 4500
001 001506563
003 CZ BrMZK
005 20160526083916.0
007 ta
008 160121s1965 sw er|||||||||||swe d
040 |a BOA001  |b cze  |e rda 
041 1 |a swe  |h ger 
072 7 |a 821.112.2-3  |x Německá próza, německy psaná  |2 Konspekt  |9 25 
080 |a 821.112.2(437.3)-31  |2 MRF 
080 |a (0:82-31)  |2 MRF 
100 1 |a Kafka, Franz,  |d 1883-1924  |7 jn19990218037  |4 aut 
240 1 0 |a Schloss.  |l Švédsky 
245 1 0 |a Slottet /  |c Franz Kafka ; översättning av Tage Aurell 
264 1 |a Stockholm :  |b Wahlström & Widstrand,  |c 1965 
300 |a 231 stran 
336 |a text  |b txt  |2 rdacontent 
337 |a bez média  |b n  |2 rdamedia 
338 |a svazek  |b nc  |2 rdacarrier 
490 1 |a W & W serien ;  |v nummer 15 
655 7 |a německy psané romány  |7 fd132937  |2 czenas 
700 1 |a Aurell, Tage,  |d 1895-1976  |7 jn20000600514  |4 trl 
830 0 |a W & W serien 
910 |a BOA001  |b M1-0950.377 
990 |a BK 
991 |b 201601 
996 7 |b 2619139999  |c M1-0950.377  |l MZK  |r Sklad / do 24 hodin  |n 0  |w 001541518  |u 000010  |a 1  |e BOA001  |j MZK50  |s A